00289pab a2200121 454500008004000000100001700040245004400057260000900101300001300110362001100123650001300134773002000147180718b2002 xxu||||| |||| 00| 0 eng d aSikka, Pawan aBidding of scientific research projects c2002 ap.10-12. a18 Nov aResearch aUniversity News